000 00755cab a2200217 4500
001 WB2742-45
008 090401t1991 xxu||||| |||| 00| 0 eng d
035 _a(Sirsi) u27748
041 _aeng
245 _aHome lenders accused over costly surveys
260 _c1991
350 _a0
490 _aSunday Times
_v27 October 1991, 5(1)
520 _aCriticises the Halifax Building Society for refusing to accept independent property valuations. A chartered surveyor has reported the building society to the Office of Fair Trading.
650 _aHALIFAX BUILDING SOCIETY
650 _aINDEPENDENT VALUATIONS
650 _aVALUATION REPORTS
690 _aMANAGEMENT-BUSINESS MANAGEMENT-PROFESSIONAL PRACTICE
942 _n0
948 _c04/03/1997
999 _c18693
_d18693